000 00805nam a2200253Ia 4500
003 OSt
005 20220926015958.0
006 a|||||r|||| 00| 0
007 ta
008 220923b |||||||| |||| 00| 0 eng d
037 _cGeneral Book
040 _aRTL
_cRTL
_beng
041 _2eng
_aeng
082 _aY31:7:7.1.N7, L6
100 _aLandau Yehuda H and others Ed.
_9323421
245 0 _aRural communities
_b Inter-cooperation and developm
260 _aNew York
_bPreager
_c1976
300 _axxi, 165p
_ccm.
490 _aPraeger Special Studies in International Economics and Development
500 _aAppendix: P 164-69
650 _aCommunity Development
942 _hY31:7:7.1.N7, L6
_cGB
_2CC
999 _c632915
_d632915